| 000 | 00356nam a22001457a 4500 | ||
|---|---|---|---|
| 008 | 250716b |||||||| |||| 00| 0 eng d | ||
| 020 | _a9789390438082 | ||
| 050 |
_aSF 61 _b.S56 |
||
| 100 | _aSingh Sauran | ||
| 245 | _aAnimal reproduction | ||
| 260 |
_aNew Deihi _bBio green books _c2021 |
||
| 300 | _avi 256p. | ||
| 650 |
_alivestock _vtitle |
||
| 942 | _cBK | ||
| 999 |
_c4340 _d4340 |
||